Proyectos de investigación. Año académico 1997

Сохранить в:
Библиографические подробности
Корпоративные авторы: Universidad Católica de Valparaíso (autor), Vice Rectoría Académica (autor), Dirección General de Investigación y Postgrado (autor)
Формат:
Язык:испанский
Опубликовано: Valparaíso, Chile Universidad Católica de Valparaíso 1997
Редактирование:Primera edición
Предметы:
Метки: Добавить метку
Нет меток, Требуется 1-ая метка записи!

MARC

LEADER 00000nam a2200000 a 4500
001 UCJ5296
003 CL-VaPUC
005 20230411074545.0
008 070124e19970000CL |||||||||||||||||spa|d
999 |c 321406  |d 321404 
040 |c Pontificia Universidad Católica de Valparaíso 
082 0 4 |a 378 UNI 1997  |2 21 
110 2 |a Universidad Católica de Valparaíso  |e autor  |9 510333 
245 1 0 |a Proyectos de investigación. Año académico 1997 
250 |a Primera edición 
260 0 3 |a Valparaíso, Chile  |b Universidad Católica de Valparaíso  |c 1997 
300 |a 142 páginas 
583 |a last modification  |c 20070124 00:00:00  |k Rodrigo Vera 
650 0 |a Investigación  |9 257811 
650 0 |a Archivo histórico PUCV  |9 255554 
650 0 |a Académicos   |x Pontificia Universidad Católica de Valparaíso (PUCV)  |9 255553 
710 2 |a Vice Rectoría Académica  |e autor  |9 510334 
710 2 |a Dirección General de Investigación y Postgrado  |e autor  |9 510335 
942 |c BK  |2 ddc 
945 |d 20070124 00:00:00  |a rinostro 
952 |0 0  |1 0  |2 ddc  |4 0  |6 378_000000000000000_UNI_1997  |7 0  |8 X  |9 400136  |a FDOBUD  |b FDOBUD  |d 2019-11-22  |i 1032666  |o 378 UNI 1997  |p 1032666  |r 2019-11-22  |t 1  |w 2019-11-22  |y BK_X  |k FHP